Export Ready — 

Personal identity and social power in new kingdom and Coptic Egypt /

Saved in:

Main Author: Horbury, Mary. (Author)

Format: Book

Language: English

Published: Oxford : Archaeopress, 2009.

Series: BAR International Series ; 2031.

Subjects:

Tags: Add Tag

No Tags, Be the first to tag this record!

Call Number: DT87 .H673

LEADER 00874nam a22002657a 4500
003 OSt
005 20260218082301.0
008 260218t2009 enka g 000 0 eng d
010 |a 2009482704 
020 |a 9781407306087 
040 |c ARCE Library 
043 |a f-ua--- 
050 1 4 |a DT87  |b .H673 
100 1 |a Horbury, Mary.   |e author  |9 32256 
245 1 0 |a Personal identity and social power in new kingdom and Coptic Egypt /   |c Mary Horbury. 
264 1 |a Oxford :   |b Archaeopress,   |c 2009. 
300 |a 146 pages :   |b color illustrations ;   |c 30 cm. 
490 1 |a BAR International Series ;   |v 2031. 
650 0 |a Coptic monasticism and religious orders  |z Egypt. 
651 0 |a Egypt  |x History  |y Eighteenth dynasty, ca. 1570-1320 B.C. 
651 0 |a Egypt  |x Historiography. 
830 0 |a BAR International Series ;   |v 2031. 
901 |a reviewed 
942 |c BK  |2 lcc 
999 |c 16960  |d 16960